<?xml version="1.0" encoding="UTF-8"?>
<collection xmlns="http://www.loc.gov/MARC21/slim">
 <record>
  <leader>01248nam a2200205Ia 4500</leader>
  <controlfield tag="001">TDMU_34063</controlfield>
  <controlfield tag="008">210410s9999    xx            000 0 und d</controlfield>
  <datafield tag="082" ind1=" " ind2=" ">
   <subfield code="a">658.85</subfield>
  </datafield>
  <datafield tag="090" ind1=" " ind2=" ">
   <subfield code="b">L250</subfield>
  </datafield>
  <datafield tag="100" ind1=" " ind2=" ">
   <subfield code="a">Lê, Đình Chỉnh</subfield>
  </datafield>
  <datafield tag="245" ind1=" " ind2="0">
   <subfield code="a">Quan hệ đặc biệt, hợp tác toàn diện Việt Nam - Lào giai đoạn 1954 - 2017</subfield>
  </datafield>
  <datafield tag="245" ind1=" " ind2="0">
   <subfield code="c">Lê Đình Chỉnh</subfield>
  </datafield>
  <datafield tag="260" ind1=" " ind2=" ">
   <subfield code="a">H.</subfield>
  </datafield>
  <datafield tag="260" ind1=" " ind2=" ">
   <subfield code="b">Thông tin và truyền thông</subfield>
  </datafield>
  <datafield tag="260" ind1=" " ind2=" ">
   <subfield code="c">2017</subfield>
  </datafield>
  <datafield tag="300" ind1=" " ind2=" ">
   <subfield code="a">350tr.</subfield>
  </datafield>
  <datafield tag="520" ind1=" " ind2=" ">
   <subfield code="a">Giới thiệu về quan hệ Việt Nam - Lào qua các giai đoạn 1954-1964; đoàn kết chiến đấu chống Mỹ, cứu nước (1964-1973); trong giai đoạn cuối của cuộc cách mạng dân tộc dân chủ ở Lào (1973-1975); hợp tác toàn diện đặc biệt (1976-1990); quan hệ hợp tác toàn diện (1991-2000) và hợp tác toàn diện Việt Nam - Lào (2001-2017)</subfield>
  </datafield>
  <datafield tag="650" ind1=" " ind2=" ">
   <subfield code="a">Quan hệ hữu nghị</subfield>
   <subfield code="y">1954-2017</subfield>
   <subfield code="z">Việt Nam</subfield>
   <subfield code="z">Lào; Hợp tác quốc tế</subfield>
   <subfield code="y">1954-2017</subfield>
   <subfield code="z">Việt Nam</subfield>
   <subfield code="z">Lào</subfield>
  </datafield>
  <datafield tag="856" ind1=" " ind2=" ">
   <subfield code="u">http://lrc.tdmu.edu.vn/opac/search/detail.asp?aID=2&amp;ID=34063</subfield>
  </datafield>
  <datafield tag="980" ind1=" " ind2=" ">
   <subfield code="a">Trung tâm Học liệu Trường Đại học Thủ Dầu Một</subfield>
  </datafield>
 </record>
</collection>
